Làm việc với Microsoft Office

Gespeichert in:
Bibliographische Detailangaben
1. Verfasser: Ralph Soucie
Format: Buch
Sprache:Undetermined
Veröffentlicht: Tp. HCM Thống kê 1995
Schlagworte:
Tags: Tag hinzufügen
Keine Tags, Fügen Sie den ersten Tag hinzu!
Thư viện lưu trữ: Trung tâm Học liệu Trường Đại học Cần Thơ
LEADER 00520nam a2200181Ia 4500
001 CTU_27012
008 210402s9999 xx 000 0 und d
082 |a 005.3 
082 |b S719 
100 |a Ralph Soucie 
245 0 |a Làm việc với Microsoft Office 
245 0 |c Ralph Soucie, Nguyễn Hữu An biên dịch 
260 |a Tp. HCM 
260 |b Thống kê 
260 |c 1995 
650 |a office ( computer programs ) 
904 |i Minh 
980 |a Trung tâm Học liệu Trường Đại học Cần Thơ